[Event "Barnaul Altay-ch"]
[Site "Barnaul"]
[Date "2014.10.17"]
[Round "7"]
[White "Trufanov, Alexander G"]
[Black "Sapozhnikov, Evgeny"]
[Result "1/2-1/2"]
[WhiteElo "2148"]
[BlackElo "1937"]
[PlyCount "70"]
[EventDate "2014.10.11"]
[EventType "swiss"]
[EventRounds "9"]
[EventCountry "RUS"]
[SourceTitle "EXT 2015"]
[Source "ChessBase"]
[SourceDate "2014.11.20"]
[SourceVersion "1"]
[SourceVersionDate "2014.11.20"]
[SourceQuality "1"]

1. Nf3 d5 2. g3 Nf6 3. Bg2 Bf5 4. c4 c6 5. Qb3 b6 6. 0-0 e6 7. d3 Nbd7 8. Nd4 Nc5 9. Qd1 Rc8 10. cxd5 cxd5 11. Nxf5 exf5 12. b4 Ne6 13. Bb2 Be7 14. Qa4+ Qd7 15. Qxd7+ Kxd7 16. Nc3 d4 17. Nd5 Rc2 18. Nxe7 Kxe7 19. Ba3 Rxe2 20. b5+ Nc5 21. Rfc1 Rc8 22. Rc4 Ng4 23. Bf3 Rd2 24. Bxg4 fxg4 25. Rxd4 g6 26. Bb4 Rc2 27. Rxg4 Kf6 28. Rd1 Rxa2 29. d4 Nd7 30. Re1 Kg7 31. Re7 Nf6 32. Rf4 Rd8 33. g4 h6 34. d5 g5 35. Rf3 Nxd5 1/2-1/2

[Event "Barnaul Altay-ch"]
[Site "Barnaul"]
[Date "2014.10.15"]
[Round "5"]
[White "Trufanov, Alexander G"]
[Black "Klimenko, Maksim"]
[Result "1-0"]
[WhiteElo "2148"]
[BlackElo "2031"]
[PlyCount "41"]
[EventDate "2014.10.11"]
[EventType "swiss"]
[EventRounds "9"]
[EventCountry "RUS"]
[SourceTitle "EXT 2015"]
[Source "ChessBase"]
[SourceDate "2014.11.20"]
[SourceVersion "1"]
[SourceVersionDate "2014.11.20"]
[SourceQuality "1"]

1. Nf3 d5 2. g3 Nf6 3. Bg2 c6 4. d3 Bg4 5. h3 Bh5 6. 0-0 Nbd7 7. c4 e6 8. Bf4 Be7 9. Nc3 h6 10. Rc1 0-0 11. cxd5 cxd5 12. Qb3 Qb6 13. Qxb6 Nxb6 14. g4 Bg6 15. Nb5 Nbd7 16. Rc7 a6 17. Nbd4 Bc5 18. Nb3 b6 19. Rc1 Rfc8 20. Rxc8+ Rxc8 21. d4 1-0

[Event "Barnaul Altay-ch"]
[Site "Barnaul"]
[Date "2014.10.11"]
[Round "1"]
[White "Trufanov, Alexander G"]
[Black "Reutov, Anton"]
[Result "1/2-1/2"]
[WhiteElo "2148"]
[BlackElo "1988"]
[PlyCount "59"]
[EventDate "2014.10.11"]
[EventType "swiss"]
[EventRounds "9"]
[EventCountry "RUS"]
[SourceTitle "EXT 2015"]
[Source "ChessBase"]
[SourceDate "2014.11.20"]
[SourceVersion "1"]
[SourceVersionDate "2014.11.20"]
[SourceQuality "1"]

1. e4 e5 2. Nf3 Nf6 3. Nc3 Bb4 4. Nxe5 0-0 5. Be2 Re8 6. Nf3 Bxc3 7. dxc3 Nxe4 8. 0-0 d5 9. c4 dxc4 10. Qxd8 Rxd8 11. Bxc4 Nc6 12. Re1 Bf5 13. Nh4 Nd6 14. Bb3 Nd4 15. Nxf5 N6xf5 16. c3 Nxb3 17. axb3 f6 18. Bf4 Rd7 19. Red1 Rad8 20. Rxd7 Rxd7 21. g4 Nh4 22. Kf1 a6 23. Ke2 Kf7 24. Ra4 Ng6 25. Bg3 Ne5 26. Bxe5 Re7 27. f4 fxe5 28. Kf3 exf4 29. Rxf4+ Ke6 30. Re4+ 1/2-1/2

[Event "Paleochora op 7th"]
[Site "Paleochora"]
[Date "2014.07.28"]
[Round "9"]
[White "Cafaro, Luca"]
[Black "Trufanov, Alexander G"]
[Result "1/2-1/2"]
[WhiteElo "2026"]
[BlackElo "2240"]
[PlyCount "58"]
[EventDate "2014.07.21"]
[EventType "swiss"]
[EventRounds "9"]
[EventCountry "GRE"]
[SourceTitle "CBM 161 Extra"]
[Source "ChessBase"]
[SourceDate "2014.08.29"]
[SourceVersion "1"]
[SourceVersionDate "2014.08.29"]
[SourceQuality "1"]

1. e4 e5 2. Nf3 Nc6 3. Bc4 Bc5 4. 0-0 Nf6 5. d4 exd4 6. e5 d5 7. exf6 dxc4 8. fxg7 Rg8 9. Re1+ Be6 10. Bg5 Be7 11. Bxe7 Kxe7 12. Nbd2 Qd5 13. Ne4 Rxg7 14. Qd2 Rag8 15. Ng3 Rg4 16. h3 R4g7 17. Qf4 Kd7 18. Rad1 Kc8 19. Nxd4 Nxd4 20. Rxd4 Qa5 21. Red1 Qg5 22. Qf3 Rg6 23. a4 h5 24. h4 Qc5 25. Qe3 Qa5 26. b3 cxb3 27. cxb3 c6 28. Qd3 Bg4 29. b4 Qe5 1/2-1/2

[Event "Paleochora op 7th"]
[Site "Paleochora"]
[Date "2014.07.27"]
[Round "8"]
[White "Trufanov, Alexander G"]
[Black "Iasman, Inna"]
[Result "1-0"]
[WhiteElo "2240"]
[BlackElo "1954"]
[PlyCount "66"]
[EventDate "2014.07.21"]
[EventType "swiss"]
[EventRounds "9"]
[EventCountry "GRE"]
[SourceTitle "CBM 161 Extra"]
[Source "ChessBase"]
[SourceDate "2014.08.29"]
[SourceVersion "1"]
[SourceVersionDate "2014.08.29"]
[SourceQuality "1"]

1. e4 c6 2. d4 d5 3. exd5 cxd5 4. Bd3 Nc6 5. c3 Nf6 6. Bf4 g6 7. Nf3 Bg7 8. 0-0 0-0 9. Re1 Re8 10. h3 e6 11. Qd2 Ne7 12. Na3 Bd7 13. Ne5 a6 14. Nc2 Nf5 15. g4 Ne7 16. Bg5 Kf8 17. Re3 Neg8 18. Rf3 Re7 19. h4 Be8 20. h5 Rc7 21. hxg6 hxg6 22. Re1 Qc8 23. Qf4 b5 24. a3 a5 25. Qh2 Rb8 26. Qh4 Qd8 27. Ree3 b4 28. axb4 axb4 29. Nxb4 Rxb4 30. cxb4 Rc1+ 31. Kg2 Ba4 32. Bxf6 Bxf6 33. Qh7 Rc7 1-0

[Event "Rethymno op 6th"]
[Site "Rethymno"]
[Date "2014.07.13"]
[Round "3"]
[White "Fuss, Hubert"]
[Black "Trufanov, Alexander G"]
[Result "1-0"]
[WhiteElo "1869"]
[BlackElo "2240"]
[PlyCount "79"]
[EventDate "2014.07.12"]
[EventType "swiss"]
[EventRounds "9"]
[EventCountry "GRE"]
[SourceTitle "CBM 161 Extra"]
[Source "ChessBase"]
[SourceDate "2014.08.29"]
[SourceVersion "1"]
[SourceVersionDate "2014.08.29"]
[SourceQuality "1"]

1. d4 d5 2. c4 c6 3. cxd5 cxd5 4. Nf3 Nc6 5. Nc3 Nf6 6. e3 a6 7. a3 Bg4 8. Be2 e6 9. Bd2 Bd6 10. Rc1 0-0 11. 0-0 Qe7 12. Ne1 Bxe2 13. Nxe2 Rac8 14. Nd3 Ne4 15. Nc3 f5 16. f4 g5 17. fxg5 Qxg5 18. Nf4 Rce8 19. Rf3 Qf6 20. Nxe4 dxe4 21. Rg3+ Kf7 22. Nh5 Qh6 23. Rg7+ Qxg7 24. Nxg7 Kxg7 25. d5 exd5 26. Bc3+ Be5 27. Qxd5 Bxc3 28. bxc3 Rd8 29. Qb3 b5 30. c4 Ne5 31. cxb5 axb5 32. Qe6 Ng4 33. h3 Nf6 34. Rc7+ Kg6 35. Qe7 Rg8 36. Qf7+ Kg5 37. h4+ Kg4 38. Qxf6 Rd1+ 39. Kh2 Rg6 40. Rg7 1-0

[Event "Rethymno op 6th"]
[Site "Rethymno"]
[Date "2014.07.13"]
[Round "2"]
[White "Trufanov, Alexander G"]
[Black "Gupta, Abhijeet"]
[Result "0-1"]
[WhiteElo "2240"]
[BlackElo "2634"]
[PlyCount "92"]
[EventDate "2014.07.12"]
[EventType "swiss"]
[EventRounds "9"]
[EventCountry "GRE"]
[SourceTitle "CBM 161 Extra"]
[Source "ChessBase"]
[SourceDate "2014.08.29"]
[SourceVersion "1"]
[SourceVersionDate "2014.08.29"]
[SourceQuality "1"]

1. d4 Nf6 2. c4 g6 3. Nc3 d5 4. Nf3 Bg7 5. Bg5 Ne4 6. Bf4 Nxc3 7. bxc3 0-0 8. e3 c5 9. cxd5 Qxd5 10. Be2 cxd4 11. cxd4 Nc6 12. 0-0 Bf5 13. Qa4 Qa5 14. Qxa5 Nxa5 15. Rfc1 Rac8 16. Ne5 Be6 17. h3 Bd5 18. Bd3 Rfd8 19. e4 Bxe5 20. Rxc8 Rxc8 21. Bxe5 Rc3 22. exd5 Rxd3 23. Rc1 f6 24. d6 exd6 25. Bxf6 Kf7 26. Bg5 Ke6 27. Rc7 h5 28. Rg7 Kf5 29. Be3 Ra3 30. Rd7 Nc4 31. Rxb7 Rxa2 32. Re7 a5 33. d5 a4 34. g4+ hxg4 35. hxg4+ Kf6 36. Re6+ Kf7 37. g5 a3 38. Rf6+ Ke8 39. Rxg6 Re2 40. Rg8+ Kf7 41. Ra8 Nxe3 42. Rxa3 Nf5 43. Kg2 Kg6 44. Kf3 Rd2 45. Ra8 Kxg5 46. Re8 Rxd5 0-1

[Event "Berdsk Maestro op 13th"]
[Site "Berdsk"]
[Date "2007.07.15"]
[Round "8"]
[White "Tsepennikova, Tatyana"]
[Black "Trufanov, Alexander G"]
[Result "0-1"]
[WhiteElo "2104"]
[BlackElo "2208"]
[PlyCount "66"]
[EventDate "2007.07.08"]
[EventType "swiss"]
[EventRounds "9"]
[EventCountry "RUS"]
[SourceTitle "EXT 2022"]
[Source "ChessBase"]
[SourceDate "2021.10.06"]
[SourceVersion "1"]
[SourceVersionDate "2021.10.06"]
[SourceQuality "1"]

1. e4 d6 2. d4 Nf6 3. Bd3 e5 4. c3 Nc6 5. Nf3 Be7 6. Bg5 h6 7. Bh4 exd4 8. Nxd4 Nxd4 9. cxd4 Nxe4 10. Bxe7 Qxe7 11. 0-0 d5 12. Re1 Be6 13. Bxe4 dxe4 14. Rxe4 0-0-0 15. Nc3 Qd7 16. h3 Rhe8 17. Qe2 Bd5 18. Re5 Rxe5 19. dxe5 Bc6 20. Rd1 Qf5 21. Rxd8+ Kxd8 22. Qd2+ Ke8 23. Qd4 a6 24. f3 g5 25. Qc5 Kd7 26. Qf8 Qf4 27. e6+ Kxe6 28. Qxh6+ f6 29. Qf8 Qc1+ 30. Kh2 Qxb2 31. Qc8+ Kf7 32. Qxc7+ Kg6 33. h4 gxh4 0-1

[Event "RUS-Cup01"]
[Site "Tomsk"]
[Date "2003.07.09"]
[Round "6"]
[White "Kolotilin, Yuri"]
[Black "Trufanov, Alexander G"]
[Result "1-0"]
[WhiteElo "2317"]
[BlackElo "2180"]
[PlyCount "73"]
[EventDate "2003.07.04"]
[EventType "swiss"]
[EventRounds "9"]
[EventCountry "RUS"]
[SourceTitle "CBM 095 Extra"]
[Source "ChessBase"]
[SourceDate "2003.09.04"]
[SourceVersion "1"]
[SourceVersionDate "2003.09.04"]
[SourceQuality "1"]

1. e4 c6 2. d4 d5 3. f3 e6 4. Nc3 Nf6 5. e5 Nfd7 6. f4 a6 7. Nf3 c5 8. Be3 Nc6 9. Qd2 g6 10. dxc5 Nxc5 11. 0-0-0 Be7 12. Kb1 Bd7 13. Rg1 h5 14. g3 b5 15. Bd3 b4 16. Ne2 a5 17. Ned4 Qb8 18. Qf2 Na7 19. h3 a4 20. g4 b3 21. cxb3 axb3 22. a3 hxg4 23. hxg4 Nb5 24. Nxb5 Nxd3 25. Rxd3 Qxb5 26. Qd2 Bc5 27. Bxc5 Qxc5 28. Nd4 Bb5 29. Rxb3 Bc4 30. Rc3 Qb6 31. f5 exf5 32. gxf5 Rh4 33. Nf3 Re4 34. fxg6 fxg6 35. Qh6 Rb8 36. b4 Re2 37. Rxg6 1-0

[Event "Capital of Sibiria op"]
[Site "Novosibirsk"]
[Date "2002.07.24"]
[Round "6"]
[White "Trufanov, Alexander G"]
[Black "Kirillova, Varvara"]
[Result "1/2-1/2"]
[WhiteElo "2243"]
[BlackElo "2109"]
[PlyCount "81"]
[EventDate "2002.07.19"]
[EventType "swiss"]
[EventRounds "9"]
[EventCountry "RUS"]
[SourceTitle "CBM 089 Extra"]
[Source "ChessBase"]
[SourceDate "2002.09.10"]
[SourceVersion "2"]
[SourceVersionDate "2002.09.10"]
[SourceQuality "1"]

1. d4 Nf6 2. c4 d6 3. Nc3 Nbd7 4. Nf3 e5 5. Bg5 Be7 6. e3 0-0 7. Be2 c6 8. Qc2 Re8 9. 0-0 Qc7 10. b4 b6 11. Rac1 Bb7 12. Rfd1 Nf8 13. a3 Rad8 14. d5 c5 15. Nb5 Qb8 16. bxc5 bxc5 17. e4 a6 18. Nc3 Qc7 19. Rb1 Bc8 20. Rb3 h6 21. Bd2 Bg4 22. h3 Bh5 23. Nh4 Bxe2 24. Nxe2 N8d7 25. Nf5 Bf8 26. g4 Rb8 27. Rdb1 Rxb3 28. Rxb3 Rb8 29. Rxb8 Qxb8 30. f3 Kh7 31. Nc1 g6 32. Ne3 Be7 33. Nb3 Ne8 34. Na5 Bg5 35. Nc6 Qb6 36. Kf2 Kg7 37. Ba5 Qb7 38. Nd1 h5 39. Qb2 Qxb2+ 40. Nxb2 hxg4 41. hxg4 1/2-1/2

[Event "Capital of Sibiria op"]
[Site "Novosibirsk"]
[Date "2002.07.19"]
[Round "1"]
[White "Pakhomova, Ekaterina"]
[Black "Trufanov, Alexander G"]
[Result "0-1"]
[WhiteElo "2026"]
[BlackElo "2243"]
[PlyCount "58"]
[EventDate "2002.07.19"]
[EventType "swiss"]
[EventRounds "9"]
[EventCountry "RUS"]
[SourceTitle "CBM 089 Extra"]
[Source "ChessBase"]
[SourceDate "2002.09.10"]
[SourceVersion "2"]
[SourceVersionDate "2002.09.10"]
[SourceQuality "1"]

1. d4 Nf6 2. c4 e6 3. g3 d5 4. Nf3 dxc4 5. Bg2 Nc6 6. 0-0 a6 7. Na3 Bxa3 8. bxa3 Rb8 9. Bb2 0-0 10. Qc2 b5 11. Rfd1 Ne7 12. d5 exd5 13. Bxf6 gxf6 14. e4 c6 15. Nh4 d4 16. Qd2 d3 17. Qf4 Be6 18. Rac1 Ng6 19. Qh6 Nxh4 20. gxh4 Kh8 21. Kh1 Rg8 22. h5 Qd4 23. Bf3 Rbd8 24. Rg1 d2 25. Rcd1 c3 26. Rxg8+ Rxg8 27. e5 Qxe5 28. Rg1 Rxg1+ 29. Kxg1 Qg5+ 0-1